[Event "4. Open Memorial Pedro Lezcano 2011"]
[Site "Gran Canaria ESP"]
[Date "2011.04.21"]
[Round "5.4"]
[White "Garcia Padron, Jose"]
[Black "Hernando Rodrigo, Jose Maria"]
[Result "0-1"]
[WhiteElo "2434"]
[BlackElo "2313"]
[PlyCount "72"]
[EventDate "2011.04.18"]
[EventType "swiss"]
[EventRounds "9"]
[EventCountry "ESP"]
[Source "lmi"]
[SourceDate "2011.04.18"]

1. e4 g6 2. d4 Bg7 3. Nc3 d6 4. g3 Nf6 5. Bg2 O-O 6. Nge2 e5 7. O-O Nbd7 8. h3
Re8 9. d5 a5 10. Be3 Nb6 11. b3 c6 12. dxc6 bxc6 13. Bxb6 Qxb6 14. Qxd6 Ba6 15.
Qa3 Red8 16. Qc1 Rd7 17. Na4 Qa7 18. c4 Rad8 19. Nec3 Rd3 20. Kh2 Rd2 21. Qe1
R8d3 22. Nd1 h5 23. Ndb2 Rd8 24. Rd1 Bh6 25. f4 Rxd1 26. Nxd1 h4 27. fxe5 hxg3+
28. Qxg3 Nh5 29. Qf2 Qe7 30. Kg1 Rd2 31. Qc5 Qg5 32. Nf2 Nf4 33. Ng4 Rxg2+ 34.
Kh1 Rxg4 35. e6 Nxe6 36. Qxc6 Rf4 0-1

[Event "4. Open Memorial Pedro Lezcano 2011"]
[Site "Gran Canaria ESP"]
[Date "2011.04.21"]
[Round "5.5"]
[White "Herrera Reyes, Jose Antonio"]
[Black "Barlov, Dragan"]
[Result "0-1"]
[WhiteElo "2111"]
[BlackElo "2472"]
[PlyCount "74"]
[EventDate "2011.04.18"]
[EventType "swiss"]
[EventRounds "9"]
[EventCountry "ESP"]
[Source "lmi"]
[SourceDate "2011.04.18"]

1. e4 c5 2. d3 Nc6 3. g3 d5 4. Nc3 Nf6 5. Bg5 d4 6. Nce2 c4 7. Bg2 cxd3 8. Qxd3
e5 9. a3 Be7 10. Nf3 Nd7 11. Bxe7 Qxe7 12. Nh4 Nc5 13. Qd2 O-O 14. b4 Na4 15.
b5 Nd8 16. O-O Bd7 17. f4 Bxb5 18. fxe5 Bxe2 19. Qxe2 Qxe5 20. Nf5 Ne6 21. Ne7+
Kh8 22. Rf5 Qd6 23. Nd5 Nc3 24. Qd3 Nc5 25. Qd2 N5xe4 26. Bxe4 Nxe4 27. Qxd4
Nxg3 28. Re5 Nf5 29. Qe4 Nh4 30. Rg5 Ng6 31. Re1 h6 32. Rh5 Rae8 33. Qxe8 Rxe8
34. Rxe8+ Kh7 35. Ne3 Qxa3 36. Nd5 Nf4 37. Rd8 Ne6 0-1

[Event "4. Open Memorial Pedro Lezcano 2011"]
[Site "Gran Canaria ESP"]
[Date "2011.04.21"]
[Round "5.6"]
[White "Perez Aleman, Pedro Tomas"]
[Black "Cabrera Trujillo, Jorge"]
[Result "1-0"]
[WhiteElo "2108"]
[BlackElo "2392"]
[PlyCount "139"]
[EventDate "2011.04.18"]
[EventType "swiss"]
[EventRounds "9"]
[EventCountry "ESP"]
[Source "lmi"]
[SourceDate "2011.04.18"]

1. c4 Nf6 2. Nf3 g6 3. Nc3 Bg7 4. e4 d6 5. d4 O-O 6. Be2 e5 7. O-O Nc6 8. d5
Ne7 9. Ne1 Nd7 10. Be3 f5 11. f3 f4 12. Bf2 g5 13. Rc1 Rf6 14. c5 Nxc5 15. b4
Na6 16. Nb5 Bd7 17. Qb3 Rh6 18. a4 Qe8 19. g4 Rh3 20. Rc3 h5 21. Kg2 hxg4 22.
fxg4 Rh7 23. Nxc7 Nxc7 24. Rxc7 Ng6 25. Bb5 Bxb5 26. axb5 Qxb5 27. Qd3 Qxb4 28.
Nf3 Bf6 29. Rxh7 Kxh7 30. Rb1 Qa4 31. Rxb7+ Kg8 32. Qb1 Be7 33. Qb4 Qxb4 34.
Rxb4 Bd8 35. Ra4 a5 36. Be1 Nf8 37. Bb4 Ra6 38. Nd2 Rb6 39. Bxa5 Ra6 40. Nc4
Nd7 41. Ra3 Bxa5 42. Rxa5 Rxa5 43. Nxa5 Nc5 44. Kf3 Kf7 45. Nc4 Ke7 46. Nd2 Kd7
47. Nb1 Kc7 48. Nc3 Kb6 49. Ne2 Nb3 50. Nc3 Ka5 51. h4 gxh4 52. g5 Nc5 53. g6
Nd7 54. Kg4 Nf6+ 55. Kxh4 Kb4 56. Kg5 Ng8 57. Nd1 Kc4 58. Kg4 Kd4 59. Kf3 Kc5
60. Nf2 Kb6 61. Kg4 Kc7 62. Kg5 Kd7 63. g7 Ke7 64. Kg6 f3 65. Ng4 Kd7 66. Kf7
Nh6+ 67. Nxh6 f2 68. g8=Q f1=Q+ 69. Nf5 Kc7 70. Qe8 1-0

[Event "4. Open Memorial Pedro Lezcano 2011"]
[Site "Gran Canaria ESP"]
[Date "2011.04.21"]
[Round "5.7"]
[White "Del Rey, Diego"]
[Black "Galvan Sarmiento, Jose Luis"]
[Result "1-0"]
[WhiteElo "2364"]
[BlackElo "1997"]
[PlyCount "173"]
[EventDate "2011.04.18"]
[EventType "swiss"]
[EventRounds "9"]
[EventCountry "ESP"]
[Source "lmi"]
[SourceDate "2011.04.18"]

1. d4 d5 2. c4 e6 3. Nf3 Nf6 4. Nc3 c6 5. e3 Nbd7 6. Bd3 Bd6 7. e4 dxe4 8. Nxe4
Nxe4 9. Bxe4 h6 10. O-O Nf6 11. Bc2 O-O 12. b3 Qa5 13. c5 Bb8 14. Bd2 Qd8 15.
b4 b6 16. Bd3 Bb7 17. Qe2 Bc7 18. a4 Qd5 19. a5 b5 20. Bc3 Rad8 21. a6 Bc8 22.
Rfd1 Qh5 23. h3 Rfe8 24. Qc2 Nd5 25. Be4 f5 26. Bxd5 exd5 27. Ne5 Bxe5 28. dxe5
f4 29. f3 Bf5 30. Qf2 Re6 31. Rd4 g5 32. Re1 Rde8 33. Rd2 Kh7 34. Bd4 R8e7 35.
Kf1 Qg6 36. Ke2 Bc2 37. Rc1 Bb3 38. Kf1 Bc4+ 39. Kg1 Rg7 40. Kh2 Qf5 41. Rg1
Rf7 42. Qe1 Rf8 43. Qa1 Rf7 44. Qa5 Rd7 45. Qa1 Rf7 46. Qe1 Rf8 47. Rh1 Rf7 48.
Kg1 Rg7 49. Kf2 Rf7 50. Qd1 Rg7 51. Qb1 Qxb1 52. Rxb1 Kg6 53. h4 Kf5 54. hxg5
Rxg5 55. Rh1 Reg6 56. Kg1 Ke6 57. Rh4 Kf5 58. Bb2 Rg3 59. Rf2 Kg5 60. Rh2 h5
61. Rd2 h4 62. Kh1 Rh6 63. Rh3 Bf1 64. Kh2 Kf5 65. Rf2 Bc4 66. Bd4 Rh7 67. Bc3
Rh6 68. Rd2 Rh7 69. Rd4 Bf1 70. Rxg3 hxg3+ 71. Kg1 Bc4 72. Bd2 Rh4 73. e6 Kxe6
74. Rxf4 Rh7 75. Rg4 Ke5 76. Bc3+ Kf5 77. Bg7 d4 78. Rxg3 d3 79. Bc3 Re7 80.
Kh2 Re2 81. Rg7 d2 82. Bxd2 Rxd2 83. Rxa7 Rb2 84. Ra8 Kg6 85. a7 Ra2 86. Kg3
Kf7 87. Rh8 1-0

[Event "4. Open Memorial Pedro Lezcano 2011"]
[Site "Gran Canaria ESP"]
[Date "2011.04.21"]
[Round "5.8"]
[White "Rodriguez Lapetra, Pablo"]
[Black "Menvielle Laccourreye, Augusto"]
[Result "1/2-1/2"]
[WhiteElo "2105"]
[BlackElo "2265"]
[PlyCount "119"]
[EventDate "2011.04.18"]
[EventType "swiss"]
[EventRounds "9"]
[EventCountry "ESP"]
[Source "lmi"]
[SourceDate "2011.04.18"]

1. e4 e6 2. d4 d5 3. Nc3 Bb4 4. e5 c5 5. a3 Bxc3+ 6. bxc3 Ne7 7. Qg4 cxd4 8.
cxd4 Qc7 9. Ra2 Nbc6 10. Bd3 Bd7 11. Ne2 O-O-O 12. O-O f6 13. Bf4 fxe5 14. dxe5
Rdg8 15. Rb1 g5 16. Bd2 h5 17. Qa4 b6 18. Bc3 g4 19. Bb5 Rh7 20. Nd4 Nxd4 21.
Bxd4 Bxb5 22. Qxb5 Nc6 23. Qa6+ Kd7 24. Qd3 Rf7 25. Rd1 Rgf8 26. c3 Na5 27.
Qb5+ Qc6 28. Qa6 Qb7 29. Qb5+ Kc8 30. Qd3 Rf5 31. a4 R8f7 32. Qb5 Qc6 33. Qa6+
Rb7 34. Qe2 Nc4 35. Raa1 Rbf7 36. Rdb1 Rf4 37. Qc2 R4f5 38. Qe2 Qc7 39. Re1 Qd8
40. Reb1 Qg5 41. a5 bxa5 42. Rb5 Rc7 43. Qa2 Rff7 44. Qb3 Rb7 45. Bxa7 Qxe5 46.
Qxc4+ dxc4 47. Rxe5 Rxa7 48. Rexa5 Rxa5 49. Rxa5 Rd7 50. Rc5+ Kd8 51. g3 Rd5
52. Rxc4 Ke7 53. Kg2 Kf6 54. h3 Kf5 55. Rb4 Rc5 56. hxg4+ hxg4 57. c4 Ke4 58.
Ra4 e5 59. Kf1 Kd3 60. Ra3+ 1/2-1/2

[Event "4. Open Memorial Pedro Lezcano 2011"]
[Site "Gran Canaria ESP"]
[Date "2011.04.21"]
[Round "5.9"]
[White "Gutierrez Olivares, Daniel"]
[Black "Acosta Sosa, Juan Manuel"]
[Result "1-0"]
[WhiteElo "2205"]
[BlackElo "2066"]
[PlyCount "67"]
[EventDate "2011.04.18"]
[EventType "swiss"]
[EventRounds "9"]
[EventCountry "ESP"]
[Source "lmi"]
[SourceDate "2011.04.18"]

1. c4 c6 2. Nf3 Nf6 3. g3 d5 4. Bg2 Bf5 5. b3 e6 6. Bb2 Nbd7 7. O-O Qb6 8. d3
Bd6 9. Nbd2 O-O 10. h3 h6 11. e4 dxe4 12. dxe4 Bxe4 13. Nxe4 Nxe4 14. Ne1 Ndc5
15. Qg4 Ng5 16. Qd4 f6 17. Qxd6 Rad8 18. Qf4 Nce4 19. Kh2 e5 20. Qe3 Rd2 21.
Qxb6 axb6 22. Bc1 Rd1 23. h4 Nd2 24. Bxd2 Rxa1 25. hxg5 hxg5 26. Be3 Rd8 27.
Nc2 Rxa2 28. Be4 Kf7 29. g4 Rb2 30. b4 Rb3 31. Bxb6 Rh8+ 32. Kg2 Rc3 33. Ne3 g6
34. Rd1 1-0

[Event "4. Open Memorial Pedro Lezcano 2011"]
[Site "Gran Canaria ESP"]
[Date "2011.04.21"]
[Round "5.10"]
[White "Lopez Colon, Francisco"]
[Black "Gonzalez Garcia, Guillermo W"]
[Result "1/2-1/2"]
[WhiteElo "2099"]
[BlackElo "2203"]
[PlyCount "20"]
[EventDate "2011.04.18"]
[EventType "swiss"]
[EventRounds "9"]
[EventCountry "ESP"]
[Source "lmi"]
[SourceDate "2011.04.18"]

1. d4 Nf6 2. c4 e6 3. Nc3 Bb4 4. Qc2 O-O 5. a3 Bxc3+ 6. Qxc3 b6 7. f3 c5 8.
dxc5 bxc5 9. b4 d5 10. e3 d4 1/2-1/2

[Event "4. Open Memorial Pedro Lezcano 2011"]
[Site "Gran Canaria ESP"]
[Date "2011.04.21"]
[Round "5.11"]
[White "Capote Robayna, Nathaniel"]
[Black "Alvarado Ascanio, Francisco"]
[Result "0-1"]
[WhiteElo "1962"]
[BlackElo "2195"]
[PlyCount "44"]
[EventDate "2011.04.18"]
[EventType "swiss"]
[EventRounds "9"]
[EventCountry "ESP"]
[Source "lmi"]
[SourceDate "2011.04.18"]

1. d4 e6 2. e4 d5 3. Nd2 Nf6 4. e5 Nfd7 5. Bd3 c5 6. c3 b6 7. Ne2 Ba6 8. Nf3
Bxd3 9. Qxd3 Qc8 10. Ng5 cxd4 11. cxd4 Qa6 12. Qf3 Bb4+ 13. Kf1 O-O 14. h4 Nc6
15. Be3 Rac8 16. Rh3 Ne7 17. Kg1 Rc2 18. Nf4 Rxb2 19. Qg4 Rxa2 20. Rxa2 Qxa2
21. Nfxe6 Qb1+ 22. Kh2 h5 0-1

[Event "4. Open Memorial Pedro Lezcano 2011"]
[Site "Gran Canaria ESP"]
[Date "2011.04.21"]
[Round "5.12"]
[White "Vega Gutierrez, Belinda"]
[Black "Sanchez Quintero, Raul"]
[Result "1/2-1/2"]
[WhiteElo "2255"]
[BlackElo "2054"]
[PlyCount "62"]
[EventDate "2011.04.18"]
[EventType "swiss"]
[EventRounds "9"]
[EventCountry "ESP"]
[Source "lmi"]
[SourceDate "2011.04.18"]

1. e4 e5 2. Nf3 Nc6 3. Bb5 a6 4. Bxc6 dxc6 5. O-O f6 6. d4 Bg4 7. c3 Qd7 8. h3
Bxf3 9. Qxf3 exd4 10. cxd4 O-O-O 11. Nc3 h5 12. d5 c5 13. b4 g5 14. bxc5 Bxc5
15. h4 gxh4 16. Bf4 Qg4 17. Rac1 Qxf3 18. gxf3 Bd6 19. Bxd6 Rxd6 20. f4 Nh6 21.
f3 Rg8+ 22. Kf2 Rd7 23. Rh1 Rdg7 24. Rxh4 Rg2+ 25. Ke3 R8g3 26. Ne2 Ng4+ 27.
Rxg4 hxg4 28. Nxg3 Rxg3 29. e5 fxe5 30. fxe5 Rxf3+ 31. Ke4 Kd7 1/2-1/2

[Event "4. Open Memorial Pedro Lezcano 2011"]
[Site "Gran Canaria ESP"]
[Date "2011.04.21"]
[Round "5.13"]
[White "Natalicchio Escalante, Nicolas"]
[Black "Nortes Hernandez, Pedro"]
[Result "1/2-1/2"]
[WhiteElo "2201"]
[BlackElo "2034"]
[PlyCount "63"]
[EventDate "2011.04.18"]
[EventType "swiss"]
[EventRounds "9"]
[EventCountry "ESP"]
[Source "lmi"]
[SourceDate "2011.04.18"]

1. Nf3 Nf6 2. c4 c6 3. d4 d5 4. e3 e6 5. Nc3 Nbd7 6. Bd3 dxc4 7. Bxc4 b5 8. Bd3
a6 9. O-O Bb7 10. e4 c5 11. d5 c4 12. Bc2 Nc5 13. dxe6 Nxe6 14. Qe2 Qc7 15. Rd1
Rd8 16. Rxd8+ Qxd8 17. Bg5 Nxg5 18. Nxg5 Be7 19. e5 Nd5 20. Nxh7 Qd7 21. Nxd5
Qxd5 22. f3 Qd4+ 23. Kh1 Qf4 24. Rd1 g6 25. Nf6+ Kf8 26. Ng4 Bc8 27. h3 Qg3 28.
Qf2 Qf4 29. Qe3 Qg3 30. Qf2 Qf4 31. Qe3 Qg3 32. Qf2 1/2-1/2

[Event "4. Open Memorial Pedro Lezcano 2011"]
[Site "Gran Canaria ESP"]
[Date "2011.04.21"]
[Round "5.14"]
[White "Fernandez Manrique, Agustin"]
[Black "Rodriguez Perez, David"]
[Result "1-0"]
[WhiteElo "2158"]
[BlackElo "2029"]
[PlyCount "123"]
[EventDate "2011.04.18"]
[EventType "swiss"]
[EventRounds "9"]
[EventCountry "ESP"]
[Source "lmi"]
[SourceDate "2011.04.18"]

1. c4 c5 2. Nc3 Nc6 3. g3 e6 4. Nf3 d5 5. cxd5 exd5 6. d4 Nf6 7. Bg2 h6 8. O-O
Be6 9. Bf4 Be7 10. Rc1 O-O 11. dxc5 Bxc5 12. Na4 Bd6 13. Bxd6 Qxd6 14. Nd4 Nxd4
15. Qxd4 Rfd8 16. Rfd1 Qa6 17. Nc3 Rac8 18. e3 Qa5 19. Qd2 Kh8 20. Qe2 a6 21.
Rd4 b5 22. a3 Rc4 23. Rcd1 Rxd4 24. Rxd4 Qc7 25. Qd1 Rc8 26. h3 Qe5 27. Qd2 Rc4
28. Ne2 Rxd4 29. Nxd4 Qc7 30. Qc2 Qxc2 31. Nxc2 Ne8 32. Kf1 Kg8 33. Ke2 Kf8 34.
Nb4 Nc7 35. Kd3 Ke7 36. Kd4 Kd6 37. Nd3 f6 38. Nc5 Bc8 39. h4 Ne6+ 40. Nxe6
Bxe6 41. b4 h5 42. Bf1 Bd7 43. Bd3 f5 44. Be2 g6 45. f3 Bc6 46. Bd1 Bd7 47. Bb3
Bc6 48. Bc2 Bd7 49. e4 fxe4 50. fxe4 dxe4 51. Bxe4 Be8 52. Bb7 Kc7 53. Bxa6 Kd6
54. Bb7 Bf7 55. Be4 Be8 56. Bd3 Bc6 57. Bxg6 Bf3 58. Bd3 Bc6 59. Bc2 Be8 60.
Bb3 Bd7 61. Bd1 Be8 62. Be2 1-0

[Event "4. Open Memorial Pedro Lezcano 2011"]
[Site "Gran Canaria ESP"]
[Date "2011.04.21"]
[Round "5.15"]
[White "Meneses Gonzalez, Kevin Moises"]
[Black "Cruz Gomez, Isidro"]
[Result "1-0"]
[WhiteElo "2150"]
[BlackElo "1973"]
[PlyCount "97"]
[EventDate "2011.04.18"]
[EventType "swiss"]
[EventRounds "9"]
[EventCountry "ESP"]
[Source "lmi"]
[SourceDate "2011.04.18"]

1. e4 e5 2. Nf3 d6 3. d4 Nd7 4. Nc3 c6 5. Bc4 Be7 6. a4 Ngf6 7. O-O O-O 8. Re1
b6 9. h3 h6 10. Ba2 Bb7 11. Be3 a6 12. Nh4 Re8 13. Nf5 Bf8 14. Qf3 exd4 15.
Bxd4 c5 16. Be3 Ne5 17. Qg3 Kh7 18. f3 d5 19. Nxd5 Nxd5 20. Bxd5 Bxd5 21. Rad1
Qf6 22. Rxd5 Nc4 23. b3 Nxe3 24. Nxe3 Rad8 25. Red1 Rc8 26. e5 Qc6 27. Nc4 b5
28. Nd6 Rcd8 29. Qf4 Bxd6 30. Rxd6 Rxd6 31. Rxd6 Qc7 32. axb5 axb5 33. Qf5+ Kg8
34. f4 Rd8 35. Qd3 Rc8 36. Qxb5 Qa7 37. Qa6 Qc7 38. Qd3 g6 39. Kh2 c4 40. bxc4
Qxc4 41. Rd8+ Kh7 42. Rxc8 Qxc8 43. c4 Qc5 44. Qd5 Qa7 45. c5 Kg7 46. Qd4 Kf8
47. Qd8+ Kg7 48. c6 Qa4 49. Qf6+ 1-0

[Event "4. Open Memorial Pedro Lezcano 2011"]
[Site "Gran Canaria ESP"]
[Date "2011.04.21"]
[Round "5.16"]
[White "Perez Rosales, Pedro"]
[Black "Cruz Pino, Adrian"]
[Result "1/2-1/2"]
[WhiteElo "2148"]
[BlackElo "1889"]
[PlyCount "78"]
[EventDate "2011.04.18"]
[EventType "swiss"]
[EventRounds "9"]
[EventCountry "ESP"]
[Source "lmi"]
[SourceDate "2011.04.18"]

1. e4 c5 2. Nc3 Nc6 3. Nge2 g6 4. g3 Bg7 5. Bg2 e6 6. O-O Nge7 7. d3 O-O 8. Bg5
d6 9. Qd2 Re8 10. Qf4 Qb6 11. Rab1 f6 12. Bh6 g5 13. Bxg5 fxg5 14. Qxg5 Qd8 15.
f4 Rf8 16. g4 Ng6 17. Qh5 Qh4 18. Nb5 Rd8 19. f5 exf5 20. exf5 Qxh5 21. gxh5
Nf8 22. Bd5+ Kh8 23. f6 Bh6 24. Nc7 Rb8 25. Rf3 Nd7 26. Rbf1 Nde5 27. Rg3 Nb4
28. Nc3 Nxd5 29. N7xd5 Bg4 30. Ne4 Be6 31. Ne7 Nc6 32. h4 Rd7 33. Nf5 Bxf5 34.
Rxf5 Rg8 35. Ng5 Nd4 36. Rf2 Ne6 37. f7 Rxg5 38. hxg5 Bf8 39. g6 h6 1/2-1/2

[Event "4. Open Memorial Pedro Lezcano 2011"]
[Site "Gran Canaria ESP"]
[Date "2011.04.21"]
[Round "5.17"]
[White "Aguilera Suarez, Antonio"]
[Black "Alvarado Diaz, Alejandro"]
[Result "0-1"]
[WhiteElo "1829"]
[BlackElo "2104"]
[PlyCount "98"]
[EventDate "2011.04.18"]
[EventType "swiss"]
[EventRounds "9"]
[EventCountry "ESP"]
[Source "lmi"]
[SourceDate "2011.04.18"]

1. e4 d5 2. exd5 Qxd5 3. Nc3 Qa5 4. Nf3 Nf6 5. h3 c6 6. d4 Bf5 7. Bd3 e6 8. O-O
Be7 9. Ne2 Bg6 10. Bf4 Nbd7 11. c3 O-O 12. Bh2 Rfd8 13. Nf4 Nf8 14. Nxg6 hxg6
15. b4 Qb6 16. a4 Bd6 17. Bxd6 Rxd6 18. Ne5 Qc7 19. Nc4 Rdd8 20. Qf3 Rab8 21.
a5 Nd5 22. Rfc1 Qe7 23. Ne5 Nd7 24. Nxd7 Qxd7 25. a6 b6 26. h4 Nf6 27. Be4 Rbc8
28. Qe2 Nxe4 29. Qxe4 Qd5 30. Qe3 c5 31. dxc5 bxc5 32. b5 Qc4 33. Qf3 Rb8 34.
Rab1 Rxb5 35. Rxb5 Qxb5 36. Ra1 Qb2 37. Ra5 Rd5 38. g3 Qb1+ 39. Kg2 Qb6 40. Ra4
Qc6 41. Ra5 Qc7 42. Rb5 Qd6 43. Rb7 Rf5 44. Qe2 Qd5+ 45. Kh2 Re5 46. Qf1 g5 47.
Qg2 Re4 48. Qf3 Rxh4+ 49. Kg2 Rh2+ 0-1

[Event "4. Open Memorial Pedro Lezcano 2011"]
[Site "Gran Canaria ESP"]
[Date "2011.04.21"]
[Round "5.18"]
[White "Korneev, Svyatoslav"]
[Black "Martin Hernandez, Ruben"]
[Result "0-1"]
[WhiteElo "1846"]
[BlackElo "2095"]
[PlyCount "74"]
[EventDate "2011.04.18"]
[EventType "swiss"]
[EventRounds "9"]
[EventCountry "ESP"]
[Source "lmi"]
[SourceDate "2011.04.18"]

1. c4 e5 2. Nc3 g6 3. g3 Bg7 4. Bg2 Nf6 5. Nf3 d6 6. O-O O-O 7. d3 Re8 8. Rb1
c6 9. b4 h6 10. Bb2 Nbd7 11. a4 a5 12. b5 d5 13. cxd5 cxd5 14. Nd2 Nc5 15. Nb3
Nxb3 16. Qxb3 Be6 17. Qd1 Qb6 18. Qd2 Rad8 19. Rbd1 Bf8 20. d4 exd4 21. Na2 Ne4
22. Qxd4 Qxd4 23. Bxd4 Rc8 24. Bxe4 dxe4 25. Nc3 f5 26. Ra1 Rc4 27. e3 Rec8 28.
Ne2 Rc2 29. Nf4 Bf7 30. Bb6 g5 31. Ng2 Bb4 32. Rfd1 Bh5 33. Rd8+ Rxd8 34. Bxd8
Rd2 35. Bf6 Kf7 36. Bd4 Rd1+ 37. Rxd1 Bxd1 0-1

[Event "4. Open Memorial Pedro Lezcano 2011"]
[Site "Gran Canaria ESP"]
[Date "2011.04.21"]
[Round "5.19"]
[White "Aguila Hernandez, Eduardo"]
[Black "Molina Rodriguez, Borja"]
[Result "0-1"]
[WhiteElo "1697"]
[BlackElo "2079"]
[PlyCount "76"]
[EventDate "2011.04.18"]
[EventType "swiss"]
[EventRounds "9"]
[EventCountry "ESP"]
[Source "lmi"]
[SourceDate "2011.04.18"]

1. e4 c5 2. Nf3 Nc6 3. d4 cxd4 4. Nxd4 Nf6 5. Nc3 e5 6. Ndb5 d6 7. Bg5 a6 8.
Na3 b5 9. Bxf6 gxf6 10. Nd5 Bg7 11. Be2 O-O 12. c3 f5 13. Bf3 fxe4 14. Bxe4 f5
15. Nf6+ Qxf6 16. Bxc6 Rb8 17. Qb3+ Kh8 18. O-O-O Be6 19. Bd5 Bd7 20. Kb1 a5
21. Nc2 b4 22. cxb4 e4 23. a3 Ba4 24. Qa2 Bxc2+ 25. Kxc2 axb4 26. a4 b3+ 27.
Bxb3 Rb4 28. Rd5 Rfb8 29. Rb5 R4xb5 30. axb5 Qd4 31. Rd1 Qxf2+ 32. Rd2 Rc8+ 33.
Bc4 Qc5 34. Kb1 Qxc4 35. Qxc4 Rxc4 36. Rxd6 Kg8 37. Ka2 e3 38. Kb3 e2 0-1

[Event "4. Open Memorial Pedro Lezcano 2011"]
[Site "Gran Canaria ESP"]
[Date "2011.04.21"]
[Round "5.20"]
[White "Rodriguez Ferraz, Borja"]
[Black "Perez Celis, Alba"]
[Result "1-0"]
[WhiteElo "2079"]
[BlackElo "1843"]
[PlyCount "67"]
[EventDate "2011.04.18"]
[EventType "swiss"]
[EventRounds "9"]
[EventCountry "ESP"]
[Source "lmi"]
[SourceDate "2011.04.18"]

1. d4 d5 2. c4 e6 3. Nc3 Nf6 4. cxd5 exd5 5. Bg5 Be7 6. e3 O-O 7. Bd3 Re8 8.
Nge2 c6 9. O-O Ne4 10. Bf4 Bd6 11. Qc2 f5 12. Rae1 Qc7 13. f3 Bxf4 14. Nxf4
Nxc3 15. Qxc3 Qd6 16. Rf2 b5 17. Rfe2 Na6 18. a3 Bd7 19. b4 Re7 20. Nh3 Rae8
21. Nf2 Nc7 22. e4 f4 23. Bc2 Qh6 24. Qd2 Qg5 25. Bb3 Be6 26. Qc1 dxe4 27. Nxe4
Qh6 28. Nc5 Qf6 29. Nxe6 Nxe6 30. Qxc6 Kf7 31. Re5 h6 32. Qxb5 Kf8 33. Qc4 Rc7
34. Rxe6 1-0

[Event "4. Open Memorial Pedro Lezcano 2011"]
[Site "Gran Canaria ESP"]
[Date "2011.04.21"]
[Round "5.21"]
[White "Gonzalez Intelangelo, Gerardo"]
[Black "Arana Herrera, Antonio"]
[Result "1/2-1/2"]
[WhiteElo "2061"]
[BlackElo "1819"]
[PlyCount "56"]
[EventDate "2011.04.18"]
[EventType "swiss"]
[EventRounds "9"]
[EventCountry "ESP"]
[Source "lmi"]
[SourceDate "2011.04.18"]

1. c4 e5 2. Nc3 Nc6 3. g3 f5 4. Bg2 Nf6 5. d3 Bc5 6. e3 f4 7. Nf3 O-O 8. O-O
fxg3 9. fxg3 d6 10. d4 Bb4 11. Qb3 Bxc3 12. Qxc3 Qe7 13. Nh4 Bg4 14. d5 Nd8 15.
e4 Nf7 16. Nf5 Qd7 17. Bd2 b5 18. b3 bxc4 19. bxc4 Qa4 20. Rf2 Rab8 21. Raf1
Bxf5 22. Rxf5 Qxa2 23. Ra1 Qb2 24. Rxa7 Qxc3 25. Bxc3 Rb1+ 26. Rf1 Rxf1+ 27.
Bxf1 Nxe4 28. Ba5 Nfg5 1/2-1/2

[Event "4. Open Memorial Pedro Lezcano 2011"]
[Site "Gran Canaria ESP"]
[Date "2011.04.21"]
[Round "5.22"]
[White "Gonzalez Perez, Cristina"]
[Black "Garcia Blanco, Omar"]
[Result "0-1"]
[WhiteElo "1691"]
[BlackElo "2209"]
[PlyCount "46"]
[EventDate "2011.04.18"]
[EventType "swiss"]
[EventRounds "9"]
[EventCountry "ESP"]
[Source "lmi"]
[SourceDate "2011.04.18"]

1. e4 c5 2. Nc3 Nc6 3. f4 g6 4. Nf3 Bg7 5. Bc4 e6 6. d3 Nge7 7. Bb3 O-O 8. O-O
d5 9. e5 Nf5 10. Ne2 b5 11. a3 a5 12. a4 b4 13. Kh1 Ba6 14. Qe1 Rb8 15. Qf2 c4
16. dxc4 dxc4 17. Ba2 f6 18. Nd2 Qd5 19. exf6 Bxf6 20. Re1 Bh4 21. Ng3 Ncd4 22.
Bb1 e5 23. c3 exf4 0-1

[Event "4. Open Memorial Pedro Lezcano 2011"]
[Site "Gran Canaria ESP"]
[Date "2011.04.21"]
[Round "5.23"]
[White "Rodriguez Melian, Jose Luis"]
[Black "Martinez Molina, Jose Juan"]
[Result "1-0"]
[WhiteElo "2141"]
[BlackElo "1822"]
[PlyCount "117"]
[EventDate "2011.04.18"]
[EventType "swiss"]
[EventRounds "9"]
[EventCountry "ESP"]
[Source "lmi"]
[SourceDate "2011.04.18"]

1. d4 Nf6 2. c4 g6 3. Nc3 Bg7 4. e4 O-O 5. h3 d6 6. Be3 c6 7. Bd3 e5 8. d5 c5
9. Nge2 a5 10. Qd2 Ne8 11. g4 a4 12. Ng3 a3 13. b3 Na6 14. Rc1 Nb4 15. Bb1 Bd7
16. O-O Rb8 17. Kg2 Qc8 18. f3 Kh8 19. Rh1 Nf6 20. g5 Nh5 21. Nxh5 gxh5 22. Ne2
f5 23. exf5 Bxf5 24. Ng3 Bxb1 25. Rxb1 h4 26. Ne4 Qf5 27. Rhf1 Qg6 28. Rbd1 b5
29. cxb5 Rxb5 30. Qf2 Rb7 31. Rd2 Rc7 32. Qxh4 Rfc8 33. Rc1 c4 34. bxc4 Rxc4
35. Rxc4 Rxc4 36. Qg4 Nc2 37. Bf2 Nd4 38. Bxd4 exd4 39. Qd7 Be5 40. Qd8+ Kg7
41. Qe7+ Qf7 42. Qxf7+ Kxf7 43. Kf2 Bf4 44. Ke2 Rb4 45. Rc2 Kg6 46. Kd3 h6 47.
gxh6 Kxh6 48. Rc6 Rb2 49. Nxd6 Rxa2 50. Nc4+ Kg5 51. Ra6 Rf2 52. Ke4 d3 53.
Rxa3 d2 54. Rd3 Re2+ 55. Kd4 Kf5 56. Kc5 Rh2 57. d6 Rxh3 58. Nxd2 Bxd2 59. Rxd2
1-0

[Event "4. Open Memorial Pedro Lezcano 2011"]
[Site "Gran Canaria ESP"]
[Date "2011.04.21"]
[Round "5.24"]
[White "Majul, Isolina"]
[Black "Santos Izquierdo, Carlos"]
[Result "0-1"]
[WhiteElo "2093"]
[BlackElo "1820"]
[PlyCount "104"]
[EventDate "2011.04.18"]
[EventType "swiss"]
[EventRounds "9"]
[EventCountry "ESP"]
[Source "lmi"]
[SourceDate "2011.04.18"]

1. e4 d6 2. d4 Nf6 3. Nc3 g6 4. Be3 c6 5. Qd2 b5 6. f3 a6 7. O-O-O Nbd7 8. Kb1
Nb6 9. Qf2 Qc7 10. Qh4 Bb7 11. g4 O-O-O 12. g5 Nfd7 13. Bh3 Kb8 14. Qf4 Nc4 15.
Bc1 e5 16. Qxf7 exd4 17. Rxd4 Nde5 18. Qf4 Bg7 19. Rd1 Rhf8 20. Qg3 Nb6 21. f4
Nec4 22. b3 b4 23. Nce2 c5 24. Qd3 Na3+ 25. Bxa3 bxa3 26. c4 Bh8 27. Kc2 a5 28.
Nf3 a4 29. f5 gxf5 30. Bxf5 axb3+ 31. Qxb3 Bb2 32. Nf4 Bc6 33. Nd5 Bxd5 34.
Rxd5 Ka7 35. Rdd1 Rb8 36. Rhf1 Qc6 37. Qb5 Qxb5 38. cxb5 Nc4 39. Rd3 Rxb5 40.
Bxh7 Na5 41. Re3 Nc4 42. Ree1 Bg7 43. e5 dxe5 44. Bd3 Rb2+ 45. Kc1 Nd6 46. Nxe5
Rxf1 47. Bxf1 Rxa2 48. Kb1 Rxh2 49. Bd3 a2+ 50. Ka1 c4 51. Bg6 c3 52. Bc2 Rxc2
0-1

[Event "4. Open Memorial Pedro Lezcano 2011"]
[Site "Gran Canaria ESP"]
[Date "2011.04.21"]
[Round "5.25"]
[White "Rossello Padron, Carlos"]
[Black "Viera Falcon, Cristo"]
[Result "0-1"]
[WhiteElo "2085"]
[BlackElo "1805"]
[PlyCount "74"]
[EventDate "2011.04.18"]
[EventType "swiss"]
[EventRounds "9"]
[EventCountry "ESP"]
[Source "lmi"]
[SourceDate "2011.04.18"]

1. b3 e5 2. Bb2 Nc6 3. e3 g6 4. f4 Bg7 5. Nf3 d6 6. Bb5 Qe7 7. O-O Bd7 8. Nc3
Nf6 9. fxe5 dxe5 10. d3 O-O-O 11. a4 Qc5 12. d4 exd4 13. exd4 Qb6 14. Kh1 Bg4
15. Ne2 Bxf3 16. Rxf3 Ne5 17. Rf1 Neg4 18. Qd3 c6 19. Bc4 Rhe8 20. Qh3 Rd7 21.
a5 Qd8 22. Bc1 h5 23. Bg5 a6 24. Qf3 Qe7 25. Bd3 Qd6 26. Bf4 Qe6 27. c4 Kd8 28.
b4 Ne4 29. b5 Bxd4 30. Nxd4 Rxd4 31. bxa6 bxa6 32. Rab1 f6 33. Rb7 Nef2+ 34.
Rxf2 Nxf2+ 35. Kg1 Rxd3 36. Rb8+ Ke7 37. Rb7+ Kf8 0-1